00691nam a2200157Ia 4500008004100000082001600041100001300057245003100070260003500101300000800136650000900144942001200153999001500165952017200180952018100352221030s9999 xx 000 0 und d a105.23bSin aB. Singh 0aEngineering Mathrematics 1 bMalhotra BrothersaJammuc2014 a502 aMath cBK2ddc c3754d3754 pBE 9056g90.00l0o105.23 Sinr2024-06-13 00:00:00w2022-10-30yBK003Print4070aMIETLIBbMIETLIBcBL-Academic Block - A, FL-1, CUP-52, SH-1, R-1d2006-12-0210HBE pBE 9057g320.00l8o105.23 Sinr2025-01-23 00:00:00s2025-01-16w2022-10-30yBK003Print4070aMIETLIBbMIETLIBcBL-Academic Block C FL-2, CUP-6, SH-5, R-5d2006-12-0210HBE